00378nam a2200145Ia 4500003000400000005001700004008004100021020001500062040002900077100002200106245004800128260003500176260000900211546001200220OSt20240311103551.0170619s9999 xx 000 0 und d a8178660073 cIIMT ENGINEERING COLLEGE aChanawalla- S. A. 0aAdvertising- Sales and promotion management bNew Delhi Himalaya Publication c2001 aENGLISH